00854nam a22002177a 4500999001900000082002200019100002100041245011600062260009900178300001200277502000800289650001800297650001900315650003300334650002400367650004500391700002200436856005700458942001200515952010900527 c291114d291114 a631.4bSRE/DY PhD aSreelakshmi, M M aDynamics of iron and aluminium in rice based ecosystem of detrital laterites of AEU 11and mitigation strategies aVellayanibDepartment of soil science and agricultural chemistry, college of agriculturec2023 ax,348p, aPhD aSoil analysis aWater analysis aPath coefficient of fraction a Iron and aluminium a Soil science and agricultural chemistry aAparna, B (Guide) uhttps://krishikosh.egranth.ac.in/handle/1/5810221076 2ddccTH 001040718THaKAUCLVbKAUCLVcTHESESd2024-03-30l0o631.4 SRE/DY PhDp175975r2024-03-30 00:00:00yTH